000
00290nam a22001217a 4500
008
170525b xxu||||| |||| 00| 0 eng d
041
_a
eng
080
_2
4TH
_a
621
100
_a
26
101
_a
IM
245
_a
THE THEORY AND PRACTICE OF REINFORCED CONCRETE
_c
DUNHAM,C.W
942
_2
udc
_c
BK
999
_c
14295
_d
14295